00861nam a2200217 a 450000100100000000500170001000800410002704000250006808200160009310000270010924000250013624500580016126000540021930000210027350000290029459000760032370000310039904900090043095201870043999900170062600003493620200930074010.0111021s1962 xxk 000 0 spa d aDO-SdBNPbspacBNPHU axxxxbD888i1 aDumitriu, Petru96050510aincognitolEspañol10aIncognito /cPetru Dumitriu ; traductor Norman Denny. aGreat Britain :bCollins Fount Paperbacks,c1962. a477 p. ;c18 cm. aTraducido del francés. aPerteneció a la biblioteca personal de Juan Isidro Jimenes Grullón.12aDenny, Norman,etr.960506 aBNGR 001050718MOaGRbGRcCTd2011-10-21iLF1l0oxxxx D888ip34936-10r2020-06-25w2020-06-25y1zPerteneció a la biblioteca personal de Juan Isidro Jimenes GrullónZNo se presta c34427d34427